Squashing commercial squatters (Record no. 23782)

MARC details
000 -LEADER
fixed length control field 00775cab a2200193 4500
001 - CONTROL NUMBER
control field ABS42429
008 - FIXED-LENGTH DATA ELEMENTS--GENERAL INFORMATION
fixed length control field 090401t1990 xxu||||| |||| 00| 0 eng d
035 ## - SYSTEM CONTROL NUMBER
System control number (Sirsi) u36741
041 ## - LANGUAGE CODE
Language code of text/sound track or separate title eng
100 ## - MAIN ENTRY--PERSONAL NAME
Personal name Exall, G.
245 ## - TITLE STATEMENT
Title Squashing commercial squatters
260 ## - PUBLICATION, DISTRIBUTION, ETC.
Date of publication, distribution, etc. 1990
350 ## - PRICE (NR) (BK AM CF MU VM SE) [OBSOLETE]
Price 0
490 ## - SERIES STATEMENT
Series statement Estates Gazette
Volume/sequential designation (9010) 10 March 1990, 60-88(2)
520 ## - SUMMARY, ETC.
Summary, etc. Discusses the increase in commercial squatting where squatters break into empty commercial premises making vast profits by operating rent free shops for several weeks. The article suggests that the only way to prevent this is the aggressive use of court procedures in addition to obtaining an order for possession .
690 ## - LOCAL SUBJECT ADDED ENTRY--TOPICAL TERM (OCLC, RLIN)
Topical term or geographic name as entry element PROPERTY LAW AND PRACTICE
942 ## - ADDED ENTRY ELEMENTS (KOHA)
Suppress in OPAC 0
948 ## - LOCAL PROCESSING INFORMATION (OCLC); SERIES PART DESIGNATOR (RLIN)
c (OCLC) 04/03/1997
Holdings
Withdrawn status Lost status Source of classification or shelving scheme Damaged status Not for loan Home library Current library Shelving location Date acquired Total Checkouts Full call number Barcode Date last seen Copy number Price effective from Koha item type
    Dewey Decimal Classification     London London Journal article 14/09/1999   ABS42429 36741-1001 06/08/2019 1 06/08/2019 Journal article